[Event "ICS rated blitz match"]
[Site "204.178.125.65"]
[Date "2000.09.20"]
[Round "?"]
[White "PostModernist"]
[Black "Hossa"]
[Result "1/2-1/2"]
[WhiteElo "2717"]
[BlackElo "2566"]
[PlyCount "190"]
[EventDate "2000.??.??"]

1. d4 d5 2. Nf3 Nf6 3. e3 e6 4. Bd3 c5 5. c3 Be7 6. Nbd2 Nc6 7. O-O O-O 8. dxc5
Bxc5 9. e4 Bb6 10. exd5 exd5 11. Ng5 Bg4 12. Qc2 h6 13. Ngf3 Qc7 14. b3 Bc5 15.
Bb2 Rfe8 16. Nd4 Qf4 17. g3 Qd6 18. Nxc6 Qxc6 19. b4 Bd6 20. a4 Be2 21. Rfc1
Rac8 22. Bf5 Rc7 23. b5 Qb6 24. Nb3 Rce7 25. Nd4 Bc5 26. Ba3 Bxa3 27. Rxa3 Bc4
28. Raa1 Qc7 29. Rd1 Qc5 30. Rdb1 Re2 31. Qd1 Ne4 32. Bxe4 R2xe4 33. Qd2 Qc8
34. f3 R4e7 35. Re1 Qh3 36. Rxe7 Rxe7 37. Qg2 Qc8 38. h4 Qc7 39. Qf2 Qe5 40. a5
Qc7 41. Kg2 Qc5 42. Qb2 a6 43. b6 Re3 44. Qa3 Qc8 45. Rc1 Qd8 46. Qc5 Re7 47.
g4 Kh8 48. Kh3 g6 49. Rg1 Kg8 50. h5 Qd7 51. Rh1 Re8 52. Qc7 Qxc7 53. bxc7 Rc8
54. hxg6 fxg6 55. Ne6 d4 56. Nxd4 Rxc7 57. Kg3 Kg7 58. Re1 Rf7 59. f4 Rc7 60.
f5 Kf6 61. Rh1 Bd5 62. Rxh6 Ke5 63. Ne2 gxf5 64. Rh5 Be6 65. Kf2 Rg7 66. gxf5
Bf7 67. Rh3 Kxf5 68. Nd4+ Kg6 69. Ke3 Rg8 70. Rg3+ Kf6 71. Rxg8 Bxg8 72. Ke4
Ba2 73. Nf3 Be6 74. Kd4 Kf5 75. Nd2 Bd7 76. Nb3 Ba4 77. Nc5 Bc6 78. c4 Bg2 79.
Nd3 Be4 80. Nb4 Bh1 81. Nd5 Bf3 82. Nb6 Ke6 83. Kc5 Kf6 84. Nd7+ Ke6 85. Nb8
Be2 86. Kb6 Bxc4 87. Kxb7 Kd6 88. Nc6 Bd5 89. Kxa6 Kxc6 90. Ka7 Be4 91. a6 Bf3
92. Ka8 Bg2 93. Kb8 Bh1 94. a7 Kd6 95. a8=Q Bxa8 {
Game drawn because neither player has mating material} 1/2-1/2

[Event "ICS rated standard match"]
[Site "204.178.125.65"]
[Date "2000.09.21"]
[Round "?"]
[White "Hossa"]
[Black "nitmo"]
[Result "1/2-1/2"]
[WhiteElo "2377"]
[BlackElo "1984"]
[PlyCount "105"]
[EventDate "2000.??.??"]

1. d4 d5 2. Nf3 Nc6 3. Bf4 Nf6 4. Nc3 a6 5. e3 Nh5 6. Bg5 h6 7. Bh4 g5 8. Ne5
Nxe5 9. dxe5 Ng7 10. Bg3 e6 11. Bd3 b5 12. O-O c5 13. e4 d4 14. Nb1 c4 15. Be2
Bc5 16. a4 Bb7 17. axb5 axb5 18. Rxa8 Qxa8 19. b4 Bb6 20. Nd2 h5 21. h4 g4 22.
Bf4 O-O 23. Bxg4 hxg4 24. Qxg4 Bxe4 25. Bh6 Bg6 26. h5 Nxh5 27. Qh4 Qd8 28. Qg4
Kh7 29. Bxf8 Qxf8 30. Nf3 Qxb4 31. Qh4 Qc3 32. Rb1 Qxc2 33. Rxb5 Qd1+ 34. Kh2
c3 35. Rxb6 c2 36. Rc6 c1=Q 37. Rxc1 Qxc1 38. Qxd4 Qf4+ 39. Kg1 Qxd4 40. Nxd4
Nf4 41. f3 Nd3 42. Nc6 Kg7 43. g3 f6 44. exf6+ Kxf6 45. Nd4 e5 46. Nc2 Nc5 47.
Ne3 Bf7 48. f4 e4 49. Kf2 Be6 50. g4 Nd3+ 51. Kg3 Nc5 52. Kf2 Nd3+ 53. Kg3 {
Game drawn by mutual agreement} 1/2-1/2

[Event "ICS rated blitz match"]
[Site "204.178.125.65"]
[Date "2000.09.21"]
[Round "?"]
[White "Baruch"]
[Black "Hossa"]
[Result "0-1"]
[WhiteElo "2040"]
[BlackElo "2573"]
[PlyCount "48"]
[EventDate "2000.??.??"]

1. e4 d5 2. exd5 Qxd5 3. Nc3 Qd6 4. Nf3 Nc6 5. d3 Bg4 6. Be2 e5 7. O-O O-O-O 8.
h3 Bf5 9. a4 Nf6 10. Nb5 Qd7 11. Bg5 a6 12. Qd2 e4 13. Nh4 exd3 14. cxd3 Bxd3
15. Bxd3 Qxd3 16. Qc1 axb5 17. axb5 Qxb5 18. Bd2 Nd4 19. Kh1 Bd6 20. Bc3 Nb3
21. Qc2 Nxa1 22. Rxa1 Rde8 23. Nf5 Kd7 24. Nxd6 cxd6 {Baruch resigns} 0-1

[Event "ICS rated blitz match"]
[Site "204.178.125.65"]
[Date "2000.09.21"]
[Round "?"]
[White "tapsatal"]
[Black "Hossa"]
[Result "0-1"]
[WhiteElo "1907"]
[BlackElo "2574"]
[PlyCount "68"]
[EventDate "2000.??.??"]

1. d4 d5 2. c4 e6 3. Nc3 Nf6 4. Nf3 Bb4 5. Bg5 dxc4 6. e3 b5 7. a3 Ba5 8. Be2
h6 9. Bh4 g5 10. Bg3 Ne4 11. Rc1 Nxg3 12. hxg3 Nd7 13. Kf1 a6 14. b4 cxb3 15.
Qxb3 c5 16. d5 c4 17. Qb2 Qf6 18. dxe6 fxe6 19. Qc2 Bb7 20. Nd4 O-O 21. Bf3
Bxf3 22. gxf3 Bxc3 23. Qxc3 e5 24. Ne2 Qxf3 25. Rh2 Rf6 26. Rd1 Nc5 27. Qxe5
Nd3 28. Rxd3 cxd3 29. Nd4 Qd1+ 30. Kg2 Raf8 31. Qd5+ R8f7 32. Qd8+ Kh7 33. Qd5
Rxf2+ 34. Kh3 Qh5# {tapsatal checkmated} 0-1

[Event "ICS rated blitz match"]
[Site "204.178.125.65"]
[Date "2000.09.21"]
[Round "?"]
[White "Hossa"]
[Black "tapsatal"]
[Result "1-0"]
[WhiteElo "2575"]
[BlackElo "1906"]
[PlyCount "87"]
[EventDate "2000.??.??"]

1. e4 c6 2. d4 d5 3. e5 Bf5 4. Nc3 e6 5. g4 Bg6 6. Nge2 h5 7. Nf4 Ne7 8. Nxg6
Nxg6 9. gxh5 Ne7 10. Bg5 Qb6 11. Qd2 Nf5 12. O-O-O Rxh5 13. Be2 Rh8 14. Bg4 g6
15. Bxf5 gxf5 16. Bf6 Rh7 17. h4 Nd7 18. Bg5 a5 19. h5 a4 20. a3 c5 21. f4 cxd4
22. Ne2 Bc5 23. Nxd4 Rc8 24. h6 Rc7 25. Rh2 Qa6 26. Kb1 Nb6 27. Qg2 Nc4 28. Bf6
Kd7 29. Qg8 Bxd4 30. Rxd4 Qb6 31. Rxc4 Rxc4 32. Qxh7 Qg1+ 33. Ka2 Qxh2 34.
Qxf7+ Kc6 35. Qxe6+ Kb5 36. Qxd5+ Rc5 37. Qxb7+ Kc4 38. h7 Qxc2 39. h8=Q Qb3+
40. Qxb3+ axb3+ 41. Kb1 Kd3 42. e6 Kd2 43. Bc3+ Kd3 44. Qd4+ {tapsatal resigns}
1-0

[Event "ICS rated blitz match"]
[Site "204.178.125.65"]
[Date "2000.09.21"]
[Round "?"]
[White "SupermanFN"]
[Black "Hossa"]
[Result "0-1"]
[WhiteElo "2124"]
[BlackElo "2578"]
[PlyCount "22"]
[EventDate "2000.??.??"]

1. e4 e5 2. f4 exf4 3. Nf3 g5 4. h4 g4 5. Ne5 Nf6 6. Nc3 d6 7. Nd3 Nh5 8. Nd5
c6 9. N5xf4 Ng3 10. Rh2 Bh6 11. Be2 Qb6 {SupermanFN resigns} 0-1

[Event "ICS rated blitz match"]
[Site "204.178.125.65"]
[Date "2000.09.21"]
[Round "?"]
[White "Hossa"]
[Black "UltraMaster"]
[Result "1-0"]
[WhiteElo "2580"]
[BlackElo "2627"]
[PlyCount "86"]
[EventDate "2000.??.??"]

1. c4 c5 2. Nf3 g6 3. e3 Bg7 4. Nc3 Nf6 5. d4 O-O 6. d5 d6 7. e4 Bg4 8. h3 Bxf3
9. Qxf3 Nbd7 10. Be2 a6 11. O-O Qb6 12. Qd3 Ne5 13. Qc2 e6 14. Bg5 h6 15. Bxf6
Bxf6 16. dxe6 fxe6 17. f4 Nc6 18. e5 dxe5 19. Qxg6+ Bg7 20. Bd3 Rf6 21. Qh7+
Kf8 22. fxe5 Nxe5 23. Rxf6+ Bxf6 24. Rf1 Qd8 25. Qxh6+ Kf7 26. Qh7+ Ke8 27.
Bg6+ Nxg6 28. Qxg6+ Kd7 29. Rxf6 Kc7 30. Nd5+ Kb8 31. Rxe6 Ka7 32. g4 Qa5 33.
Re7 Rd8 34. Qf7 Rb8 35. Qf2 Rc8 36. b3 Qa3 37. Qd2 Rh8 38. Kg2 Ka8 39. g5 Rg8
40. h4 Ka7 41. Rd7 Ka8 42. Nf6 Rc8 43. g6 a5 {UltraMaster resigns} 1-0

[Event "ICS rated blitz match"]
[Site "204.178.125.65"]
[Date "2000.09.21"]
[Round "?"]
[White "UltraMaster"]
[Black "Hossa"]
[Result "1-0"]
[WhiteElo "2609"]
[BlackElo "2598"]
[PlyCount "135"]
[EventDate "2000.??.??"]

1. e4 e5 2. f4 exf4 3. Nf3 g5 4. Bc4 g4 5. Nc3 gxf3 6. Qxf3 d6 7. O-O Bg7 8.
Qxf4 Bd4+ 9. Kh1 Nf6 10. Nd5 Nbd7 11. d3 c6 12. Nxf6+ Qxf6 13. c3 Be5 14. Qf2
Qxf2 15. Rxf2 Bf6 16. Be3 b5 17. Bb3 Rg8 18. Raf1 Rg6 19. d4 a5 20. Bc2 Rg7 21.
Rxf6 Nxf6 22. Rxf6 Be6 23. a3 Ke7 24. Rf1 Rag8 25. g3 h5 26. Bd3 Bh3 27. Rf4 f6
28. d5 Bd7 29. Be2 Rh8 30. b4 axb4 31. axb4 cxd5 32. Bd4 Rf8 33. Bxh5 Bc6 34.
exd5 Bxd5+ 35. Kg1 Bc4 36. Kg2 Rgg8 37. Bf3 Ke6 38. Kf2 f5 39. Rh4 Rg6 40. Ke3
Rc8 41. Rh7 Rgg8 42. Kf4 Rcf8 43. Bh5 Bd3 44. Rc7 Be4 45. h4 Bd3 46. Ra7 Be4
47. Bg7 Rxg7 48. Rxg7 Rc8 49. Be2 Rxc3 50. h5 Rb3 51. h6 Kf6 52. Rg8 Rb1 53. h7
Rh1 54. h8=Q+ Rxh8 55. Rxh8 Bc6 56. Bd3 Ke7 57. Bxf5 Be8 58. g4 Bc6 59. g5 Bd5
60. g6 Kf6 61. Rd8 Ke7 62. Rd7+ Kf8 63. Kg5 Ke8 64. Kf6 Be4 65. g7 Bd5 66. Rxd6
Bf7 67. Bg6 Bxg6 68. g8=Q# {Hossa checkmated} 1-0

[Event "ICS rated blitz match"]
[Site "204.178.125.65"]
[Date "2000.09.21"]
[Round "?"]
[White "Hossa"]
[Black "Malibu"]
[Result "1-0"]
[WhiteElo "2583"]
[BlackElo "2281"]
[PlyCount "61"]
[EventDate "2000.??.??"]

1. e4 c5 2. Nf3 Nc6 3. d4 cxd4 4. Nxd4 Nf6 5. Nc3 e5 6. Ndb5 d6 7. Bg5 a6 8.
Na3 b5 9. Bxf6 gxf6 10. Nd5 Bg7 11. Bd3 Ne7 12. Nxe7 Qxe7 13. c3 O-O 14. O-O f5
15. Qh5 d5 16. exd5 e4 17. Bc2 Qe5 18. Rad1 Bb7 19. Bb3 Rad8 20. Nc2 Rd6 21. f4
Qf6 22. Nd4 Qg6 23. Qh3 Bc8 24. Nc6 Qf6 25. Qh5 Kh8 26. Ne5 Qe7 27. Rf2 Rh6 28.
d6 Qf6 29. Nxf7+ Rxf7 30. Qxf7 e3 31. Qg8# {Malibu checkmated} 1-0

[Event "ICS rated blitz match"]
[Site "204.178.125.65"]
[Date "2000.09.21"]
[Round "?"]
[White "Dorky"]
[Black "Hossa"]
[Result "1-0"]
[WhiteElo "2432"]
[BlackElo "2588"]
[PlyCount "107"]
[EventDate "2000.??.??"]

1. d4 d5 2. c4 e6 3. Nc3 Nf6 4. Nf3 Be7 5. Bf4 dxc4 6. e3 Nd5 7. Bxc4 Nxf4 8.
exf4 O-O 9. O-O Bd6 10. g3 Nd7 11. Ne4 Be7 12. Qd3 a5 13. Rfe1 Rb8 14. Rac1 c6
15. Neg5 Nf6 16. Ne5 g6 17. Nexf7 Rxf7 18. Rxe6 Nd5 19. Nxf7 Kxf7 20. Re5 Bf6
21. Bxd5+ cxd5 22. Re2 Bh3 23. Qf3 Bf5 24. Rc5 Bxd4 25. Rxd5 Qb6 26. g4 Bc8 27.
Qe4 Bxg4 28. Rxd4 Rc8 29. Re1 Rf8 30. Qe5 Kg8 31. Qd5+ Kh8 32. Re7 Qf6 33. Qe5
Qxe5 34. fxe5 Bc8 35. Rc4 Rd8 36. Rcc7 Bf5 37. Rxh7+ Kg8 38. h4 b5 39. Rcg7+
Kf8 40. Kg2 Rd2 41. Rc7 Kg8 42. Rhg7+ Kh8 43. Rh7+ Kg8 44. Rhe7 Kf8 45. e6 Rc2
46. Rf7+ Ke8 47. Rce7+ Kd8 48. Ra7 Be4+ 49. Kg3 Ke8 50. Rg7 Bb7 51. Raxb7 Rc3+
52. bxc3 Kf8 53. Rbf7+ Ke8 54. Rg8# {Hossa checkmated} 1-0

[Event "ICS rated blitz match"]
[Site "204.178.125.65"]
[Date "2000.09.21"]
[Round "?"]
[White "Hossa"]
[Black "NAGLAABD"]
[Result "1-0"]
[WhiteElo "2571"]
[BlackElo "2288"]
[PlyCount "49"]
[EventDate "2000.??.??"]

1. e4 e6 2. d4 d5 3. Nc3 dxe4 4. Nxe4 Bd7 5. Nf3 Bc6 6. Bd3 Nd7 7. O-O Ngf6 8.
Ng3 Bxf3 9. Qxf3 c6 10. c3 Be7 11. Re1 O-O 12. a4 a5 13. Bg5 Re8 14. Bd2 Nf8
15. Ne4 Qd5 16. Bf4 Nxe4 17. Bxe4 Qd7 18. Qh5 Bd6 19. Bg5 h6 20. Be3 e5 21.
Rad1 Qe6 22. d5 cxd5 23. Bxd5 Qe7 24. Qg4 Kh8 25. Bxf7 {NAGLAABD resigns} 1-0

[Event "ICS rated blitz match"]
[Site "204.178.125.65"]
[Date "2000.09.21"]
[Round "?"]
[White "Hossa"]
[Black "brutus"]
[Result "1-0"]
[WhiteElo "2582"]
[BlackElo "2298"]
[PlyCount "38"]
[EventDate "2000.??.??"]

1. c4 Nf6 2. Nc3 e6 3. e4 d5 4. cxd5 exd5 5. e5 d4 6. exf6 dxc3 7. Qe2+ Be6 8.
dxc3 Qxf6 9. Qb5+ Nd7 10. Qxb7 Rd8 11. Nf3 h6 12. Qxc7 Bc5 13. Bb5 O-O 14. O-O
Bb6 15. Qf4 Qg6 16. Re1 Nf6 17. Ne5 Qc2 18. Ba4 Qh7 19. Nc6 Rd5 {brutus resigns
} 1-0

[Event "ICS rated blitz match"]
[Site "204.178.125.65"]
[Date "2000.09.21"]
[Round "?"]
[White "brutus"]
[Black "Hossa"]
[Result "0-1"]
[WhiteElo "2293"]
[BlackElo "2587"]
[PlyCount "134"]
[EventDate "2000.??.??"]

1. e4 d5 2. exd5 Qxd5 3. Nc3 Qd6 4. d4 c6 5. Bc4 b5 6. Bb3 Nf6 7. Nge2 b4 8.
Nb1 Ba6 9. O-O Ng4 10. g3 e5 11. Re1 Be7 12. Nd2 Qh6 13. Nf3 Qf6 14. Kg2 e4 15.
Nf4 exf3+ 16. Qxf3 Bc8 17. Qe4 a5 18. h3 a4 19. Bc4 Bf5 20. Qe2 Nxf2 21. Qxf2
O-O 22. c3 Nd7 23. Bd2 Nb6 24. Bd3 bxc3 25. bxc3 Bxd3 26. Nxd3 Nc4 27. Bf4 a3
28. Ne5 Nxe5 29. Bxe5 Qxf2+ 30. Kxf2 Rfe8 31. Rab1 f6 32. Bf4 g5 33. Bd2 Bd6
34. Rxe8+ Rxe8 35. g4 Kg7 36. Re1 Rxe1 37. Bxe1 f5 38. gxf5 Kf6 39. Kf3 Kxf5
40. c4 h5 41. c5 Bf4 42. Bb4 g4+ 43. hxg4+ hxg4+ 44. Kg2 Ke4 45. Bxa3 Kxd4 46.
Bb2+ Kxc5 47. Bf6 Bd6 48. Kf2 Kb4 49. Ke3 Ka3 50. Ke4 Kxa2 51. Bd4 Kb3 52. Kf5
g3 53. Kg4 Kc4 54. Bg1 Bc5 55. Bxc5 Kxc5 56. Kxg3 Kd4 57. Kf2 c5 58. Ke1 Ke3
59. Kd1 Kd3 60. Kc1 c4 61. Kd1 c3 62. Kc1 c2 63. Kb2 Kd2 64. Ka2 Kc3 65. Ka1
c1=R+ 66. Ka2 Rd1 67. Ka3 Ra1# {brutus checkmated} 0-1

[Event "ICS rated blitz match"]
[Site "204.178.125.65"]
[Date "2000.09.21"]
[Round "?"]
[White "Hossa"]
[Black "brutus"]
[Result "1-0"]
[WhiteElo "2592"]
[BlackElo "2288"]
[Annotator "Fritz 6 (30s)"]
[PlyCount "17"]
[EventDate "2000.??.??"]

1. d4 {A46: Damenbauernspiele} 1... Nf6 2. Nf3 c5 3. g3 g6 4. dxc5 Qa5+ 5. Nc3
Qxc5 6. Be3 Qb4 7. a3 Qxb2 $2 (7... Qa5 $142 $14 {
damit waere Schwarz im Spiel geblieben}) 8. Bd4 $18 {Weiss droht Nd5} 8... Nc6
$2 (8... e5 $142 9. Bxe5 Qb6 $18) 9. Ra2 (9. Ra2 Qxa2 10. Nxa2 $18) 1-0

[Event "ICS rated blitz match"]
[Site "204.178.125.65"]
[Date "2000.09.21"]
[Round "?"]
[White "brutus"]
[Black "Hossa"]
[Result "0-1"]
[WhiteElo "2283"]
[BlackElo "2597"]
[Annotator "Fritz 6 (30s)"]
[PlyCount "52"]
[EventDate "2000.??.??"]

1. e4 {B01: Skandinavische Verteidigung} 1... d5 2. exd5 Qxd5 3. Nc3 Qd6 4. d4
c6 5. Bc4 b5 6. Bb3 Nf6 7. Nge2 b4 8. Bf4 Qd8 9. Nb1 e6 {
Der Gegner darf nicht nach d5} 10. Nd2 Ba6 11. c3 Nd5 12. Bg3 Bxe2 13. Qxe2
bxc3 14. bxc3 Nxc3 15. Qg4 $2 (15. Qc4 $142 $5 {ist noch spielbar} 15... Nd5
16. Bxb8 Rxb8 17. Qxc6+ Qd7 18. Rc1 $11) 15... h5 $17 16. Qf3 Qxd4 17. Rc1 (17.
Bxb8 $5 Rxb8 18. Qxc6+ Kd8 19. Qc4 Qxc4 20. Nxc4 $17) 17... Bb4 $19 18. O-O $2
(18. Bf4 Ne4 19. Qe2 $19) 18... Qxd2 19. Rc2 Qd4 20. Re1 Qf6 21. Qd3 Nd7 22.
Qc4 (22. Rec1 {macht keinen grossen Unterschied} 22... h4 23. Bd6 Ne5 24. Bxe5
Qxe5 $19) 22... c5 23. a3 Ba5 24. Re3 (24. Qa6 {hilft allerdings auch nicht}
24... Bb6 $19) 24... Nd5 (24... h4 $5 {ginge schneller} 25. Bf4 Nd5 26. Rf3
Nxf4 27. Rxf4 $19) 25. Rf3 Qd4 26. Qe2 (26. Qxd4 {holt die Kuh nicht vom Eis}
26... cxd4 27. Bxd5 exd5 28. Re2+ Kf8 29. Bd6+ Kg8 $19) 26... Qa1+ (26... Qa1+
27. Qf1 Qxf1+ 28. Kxf1 N5b6 $19) 0-1

[Event "ICS rated blitz match"]
[Site "204.178.125.65"]
[Date "2000.09.21"]
[Round "?"]
[White "Hossa"]
[Black "PostModernist"]
[Result "1-0"]
[WhiteElo "2602"]
[BlackElo "2708"]
[PlyCount "75"]
[EventDate "2000.??.??"]

1. e4 e5 2. Nf3 Nc6 3. Nc3 Nf6 4. Nxe5 Bb4 5. Nxc6 dxc6 6. d3 Qd4 7. Bd2 Ng4 8.
Qe2 Bc5 9. Nd1 O-O 10. c3 Qd8 11. g3 Ne5 12. h3 Bd6 13. d4 Ng6 14. h4 Re8 15.
h5 Nf8 16. h6 g6 17. Bg2 c5 18. d5 f5 19. c4 fxe4 20. Nc3 Be5 21. O-O-O Bxc3
22. bxc3 c6 23. Bxe4 Bf5 24. Rh4 Qa5 25. Kb2 g5 26. Rg4 Ng6 27. Qf3 Bxg4 28.
Qxg4 cxd5 29. Bxd5+ Kh8 30. Bxg5 Qb6+ 31. Ka1 Qd6 32. Bf7 Ne5 33. Qf5 Qxd1+ 34.
Kb2 Qd2+ 35. Bxd2 Nd7 36. Bxe8 Rxe8 37. Qxd7 Rg8 38. Bf4 {PostModernist resigns
} 1-0

[Event "ICS rated blitz match"]
[Site "204.178.125.65"]
[Date "2000.09.21"]
[Round "?"]
[White "escorp"]
[Black "Hossa"]
[Result "1-0"]
[WhiteElo "2482"]
[BlackElo "2602"]
[PlyCount "123"]
[EventDate "2000.??.??"]

1. c4 e5 2. Nc3 Nf6 3. Nf3 Nc6 4. d3 d5 5. cxd5 Nxd5 6. g3 Bb4 7. Bd2 O-O 8.
Bg2 Be6 9. O-O f6 10. Qa4 Nb6 11. Qc2 Qe7 12. a3 Bd6 13. Nb5 Qf7 14. Rac1 Bb3
15. Qb1 Qe6 16. Nh4 Rfd8 17. Bxc6 bxc6 18. Nxd6 Rxd6 19. Bb4 Rdd8 20. e4 a5 21.
Bc5 Qh3 22. Bxb6 cxb6 23. Rxc6 Rab8 24. Rfc1 Rb7 25. Nf5 Rbd7 26. Rxb6 a4 27.
Rcc6 Rxd3 28. Qxd3 Rxd3 29. Rb8+ Kf7 30. Rc7+ Kg6 31. Rxg7+ Kh5 32. Rxh7+ Kg4
33. Rxh3 Kxh3 34. Ne3 Rxe3 35. fxe3 Bc2 36. Kf2 Kg4 37. Rc8 Bb3 38. Rc6 Kg5 39.
h4+ Kg6 40. g4 Kg7 41. h5 Bd1 42. Rc7+ Kg8 43. Kg3 Be2 44. h6 Bd3 45. Rg7+ Kh8
46. Rf7 Bxe4 47. Rxf6 Kh7 48. g5 Bd3 49. Rf7+ Kh8 50. Re7 Be4 51. Rxe5 Bg6 52.
Kf4 Kh7 53. Re4 Kg8 54. Rxa4 Kh7 55. Ra7+ Kh8 56. b4 Bd3 57. e4 Bb5 58. g6 Bc4
59. Ra8+ Bg8 60. h7 Kg7 61. hxg8=Q+ Kf6 62. Qf7# {Hossa checkmated} 1-0

[Event "ICS rated blitz match"]
[Site "204.178.125.65"]
[Date "2000.09.21"]
[Round "?"]
[White "Hossa"]
[Black "kokomo"]
[Result "1-0"]
[WhiteElo "2581"]
[BlackElo "1960"]
[PlyCount "57"]
[EventDate "2000.??.??"]

1. e4 c5 2. c3 d5 3. exd5 Qxd5 4. d4 cxd4 5. cxd4 Nc6 6. Nf3 Bg4 7. Nc3 Bxf3 8.
Nxd5 Bxd1 9. Nc7+ Kd7 10. Nxa8 Bg4 11. Bb5 Kc8 12. Bxc6 bxc6 13. h3 Bf5 14. Bf4
e5 15. Bxe5 Bb4+ 16. Ke2 f6 17. Bf4 Ba5 18. Rac1 Kb7 19. Rc5 Bd8 20. Rxf5 Ne7
21. Rc5 Nd5 22. Bg3 Re8+ 23. Kf3 Kxa8 24. Rxc6 Ne7 25. Re6 Rf8 26. Rc1 Kb7 27.
Rxe7+ Bxe7 28. Rc7+ Kb6 29. Rxe7 {kokomo resigns} 1-0

[Event "ICS rated blitz match"]
[Site "204.178.125.65"]
[Date "2000.09.21"]
[Round "?"]
[White "Hossa"]
[Black "Interceptor"]
[Result "0-1"]
[WhiteElo "2604"]
[BlackElo "2689"]
[Annotator "Fritz 6 (30s)"]
[PlyCount "102"]
[EventDate "2000.??.??"]

1. d4 {A52: Budapester Gambit (Hauptvariante)} 1... Nf6 2. c4 e5 3. dxe5 Ng4 4.
Bf4 Nc6 5. Nf3 Bb4+ 6. Nbd2 Qe7 7. a3 Ngxe5 8. Nxe5 Nxe5 9. e4 Bd6 10. g3 O-O
11. Qh5 b6 12. Be2 Bb7 13. O-O Rae8 14. b4 c5 15. Rfd1 Qe6 16. Bg5 f5 17. f4
Nf7 18. e5 h6 19. Bf3 (19. exd6 $4 {ein boeser Fehlgriff} 19... g6 (19... Qxe2
$6 {ist deutlich schlechter} 20. Qxe2 Rxe2 21. Be7 Rg2+ 22. Kf1 $17) (19...
Nxg5 $6 {bringt nichts} 20. Re1 $17) (19... hxg5 $6 20. Re1 Qe3+ 21. Kf1 Qxd2
22. bxc5 $19) 20. Be7 gxh5 21. Bxh5 Nxd6 $19) 19... g6 20. Qh3 Bxe5 21. Bxb7
Bxa1 22. Bxh6 Bd4+ 23. Kh1 Qe2 24. Bf3 Qxd2 25. Qf1 (25. Rxd2 $4 {zu gierig}
25... Re1+ 26. Qf1 Rxf1+ 27. Kg2 Rg1+ 28. Kh3 Nxh6 $19) 25... Qxd1 26. Qxd1
Nxh6 27. Qa4 (27. Kg2 {aendert den Lauf der Dinge nicht} 27... Re7 $19) 27...
Re1+ 28. Kg2 Rg1+ 29. Kh3 Kg7 30. Qxd7+ Nf7 31. Qe7 Rh8+ 32. Qh4 Rxh4+ 33. Kxh4
Bf6+ 34. Kh3 g5 35. bxc5 g4+ 36. Bxg4 fxg4+ 37. Kxg4 bxc5 38. Kf5 Re1 39. Kg4
Nd6 40. a4 Ra1 41. h4 Rxa4 42. Kh5 Rxc4 43. Kg4 Rc3 44. Kh3 a5 45. Kg2 a4 46.
h5 a3 47. g4 (47. Kh3 {nuetzt auch nichts mehr} 47... a2 48. Kh2 Rc2+ 49. Kh3
a1=Q 50. h6+ Kxh6 51. Kg4 Qd1+ 52. Kh3 Qh5#) 47... a2 48. Kf2 (48. g5 {
aendert nichts am Ausgang der Partie} 48... a1=Q 49. h6+ Kh8 50. gxf6 Qb2+ 51.
Kf1 Rc1#) 48... a1=Q 49. h6+ Kh7 50. g5 Qb2+ 51. Kg1 (51. Ke1 {
hilft auch nicht mehr} 51... Rc1#) 51... Rc1# 0-1

[Event "ICS rated blitz match"]
[Site "204.178.125.65"]
[Date "2000.09.21"]
[Round "?"]
[White "Interceptor"]
[Black "Hossa"]
[Result "1-0"]
[WhiteElo "2701"]
[BlackElo "2592"]
[PlyCount "109"]
[EventDate "2000.??.??"]

1. e4 d5 2. exd5 Qxd5 3. Nc3 Qd6 4. d4 c6 5. Nf3 Bg4 6. h3 Bf5 7. Bd3 Bxd3 8.
Qxd3 Nf6 9. Bg5 Na6 10. O-O h6 11. Bxf6 gxf6 12. a3 O-O-O 13. Rad1 e6 14. Rfe1
Nc7 15. Ne4 Qe7 16. c4 h5 17. Qd2 f5 18. Ng3 Qd7 19. Ne5 Qe8 20. Qg5 Be7 21.
Qg7 h4 22. Ne2 Rf8 23. Nf4 Kb8 24. b4 Bd6 25. Nh5 Bxe5 26. dxe5 Rxd1 27. Rxd1
Rg8 28. Qf6 c5 29. Qxh4 Rh8 30. Qg5 cxb4 31. axb4 Na6 32. b5 Nc5 33. Nf6 Qc8
34. Qe3 b6 35. Rd6 Qc7 36. Rd4 Rd8 37. h4 Nb7 38. h5 Rh8 39. h6 Na5 40. Qg3 Ka8
41. h7 Qb8 42. Rd7 f4 43. Qf3+ Nb7 44. Rxf7 Qc8 45. Rg7 Kb8 46. Rg8 Qd8 47.
Nd7+ Ka8 48. Rxd8+ Rxd8 49. c5 Rh8 50. c6 Na5 51. c7+ Nb7 52. Qc6 Rc8 53. h8=Q
Rxh8 54. c8=Q+ Rxc8 55. Qxc8# {Hossa checkmated} 1-0

[Event "ICS rated blitz match"]
[Site "204.178.125.65"]
[Date "2000.09.21"]
[Round "?"]
[White "Hossa"]
[Black "Interceptor"]
[Result "0-1"]
[WhiteElo "2581"]
[BlackElo "2712"]
[PlyCount "142"]
[EventDate "2000.??.??"]

1. e4 e5 2. Nf3 Nc6 3. Nc3 Nf6 4. Nxe5 Nxe5 5. d4 Ng6 6. e5 Ng8 7. Bc4 d6 8.
Qf3 Qd7 9. O-O dxe5 10. dxe5 Nxe5 11. Re1 Bd6 12. Bf4 f6 13. Bb5 c6 14. Rad1
Qe6 15. Qg3 Kf8 16. Bxe5 Bxe5 17. f4 cxb5 18. fxe5 Qb6+ 19. Re3 Ne7 20. exf6
gxf6 21. Rd6 Nf5 22. Rxb6 Nxg3 23. Rxf6+ Kg7 24. Ref3 Nh5 25. Rf7+ Kg6 26. Nxb5
Rd8 27. Rf1 Bd7 28. Nc3 Rac8 29. g4 Bxg4 30. Rxb7 Rd7 31. Rb4 Bf5 32. Rf2 Re8
33. Rg2+ Kf6 34. Rh4 Ng7 35. Rf2 Re1+ 36. Kg2 Rb7 37. Rxh7 Kg6 38. Rh8 Rxb2 39.
Kf3 Rxc2 40. Rxc2 Bxc2 41. Ra8 Nf5 42. Kg4 Re3 43. Rc8 Nd4 44. Rg8+ Kf7 45. Rc8
Bf5+ 46. Kf4 Rf3+ 47. Ke5 Bxc8 48. Kxd4 Rf4+ 49. Ke3 Rh4 50. Ne4 Ke6 51. h3
Rxh3+ 52. Kd4 Ra3 53. Nc3 Ba6 54. Ne4 Ra4+ 55. Ke3 Ke5 56. Nc5 Rxa2 57. Nd7+
Ke6 58. Nc5+ Kd5 59. Nd7 Re2+ 60. Kf3 Re6 61. Kg3 Rg6+ 62. Kf4 Bc8 63. Nb8 a5
64. Ke3 a4 65. Kd3 a3 66. Ke3 a2 67. Kf3 a1=Q 68. Nc6 Rf6+ 69. Ke2 Ba6+ 70. Kd2
Rf2+ 71. Ke3 Qe1# {Hossa checkmated} 0-1

[Event "ICS rated standard match"]
[Site "204.178.125.65"]
[Date "2000.09.21"]
[Round "?"]
[White "Hossa"]
[Black "x13"]
[Result "1-0"]
[WhiteElo "2370"]
[BlackElo "2419"]
[PlyCount "95"]
[EventDate "2000.??.??"]

1. d4 Nf6 2. Nf3 e6 3. c4 Bb4+ 4. Bd2 a5 5. Bxb4 axb4 6. e3 d6 7. Bd3 c5 8. O-O
O-O 9. Nbd2 Nc6 10. Qc2 h6 11. dxc5 dxc5 12. Ne4 b6 13. Nxf6+ Qxf6 14. Bh7+ Kh8
15. Be4 Bb7 16. Nd2 Rab8 17. Rfe1 Ne5 18. f4 Nc6 19. Red1 Rfd8 20. Nf3 g6 21.
Kh1 Kg7 22. Bxc6 Bxc6 23. Ne5 Bb7 24. Nd7 Qh4 25. Nxb8 Rxb8 26. Rd7 Qg4 27.
Rad1 h5 28. b3 h4 29. Qb2+ Kh6 30. Rd8 Rxd8 31. Rxd8 f6 32. Kg1 h3 33. Rh8+ Kg7
34. Rxh3 Qd1+ 35. Kf2 Be4 36. Rg3 Bd3 37. e4 Bxe4 38. Re3 Bf5 39. Re1 Qg4 40.
Qd2 Kh6 41. g3 Qh3 42. Kg1 Qg4 43. Qd8 Kg7 44. Rd1 e5 45. Qe7+ Kh6 46. Rd8 exf4
47. Qxf6 fxg3 48. Rh8# {x13 checkmated} 1-0

[Event "ICS rated blitz match"]
[Site "204.178.125.65"]
[Date "2000.09.21"]
[Round "?"]
[White "WitPaard"]
[Black "Hossa"]
[Result "0-1"]
[WhiteElo "2385"]
[BlackElo "2571"]
[PlyCount "78"]
[EventDate "2000.??.??"]

1. e4 e5 2. Nf3 Nc6 3. Bc4 Bc5 4. O-O d6 5. h3 Nf6 6. d3 Na5 7. Nbd2 Nxc4 8.
Nxc4 Be6 9. Ne3 O-O 10. c3 Qe7 11. Qc2 c6 12. a4 Bb6 13. a5 Bc7 14. b4 d5 15.
Ba3 Bd6 16. Rfe1 dxe4 17. dxe4 Rfd8 18. Nh4 Ne8 19. Nhf5 Qg5 20. Bc1 Qh5 21.
Kh2 Rd7 22. g4 Qg6 23. Ng2 Bf8 24. Ngh4 Qf6 25. Nf3 Bc4 26. Bg5 Qe6 27. Rad1
Bb3 28. Qc1 Bxd1 29. Rxd1 Nd6 30. Re1 f6 31. Bh4 Qb3 32. g5 Nxf5 33. exf5 Bxb4
34. gxf6 Qxc3 35. Qg5 Qxf3 36. Rg1 Bxa5 37. fxg7 Bd2 38. Qf6 Bf4+ 39. Bg3 Qxf2+
{WitPaard resigns} 0-1